Современный менеджмент: учебник для вузов

Bibliographic Details
Main Author: Кафидов В. В. Валерий Викторович
Summary:Целью курса «Современный менеджмент» является формирование понимания важности для современного управления изучения законов, закономерностей и принципов возникновения, функционирования и развития организаций, управления ими при рассмотрении организации как социальной системы. Название «современный» предполагает рассмотрение не только последних достижений управленческой мысли, но и современного ситуационного применения сложившихся концепций управления. Учебник ориентирован на людей, заинтересованных не в заучивании молитв от гуру менеджмента, а стремящихся иметь собственное мнение об окружающей реальности, ее развитии, методах ее изучения и преобразования. Учебник может быть использован слушателями программ дополнительного профессионального образования, студентами вузов, аспирантами и практиками-управленцами, а также всеми, кто стремится к самообразованию.
Language:Russian
Published: Москва, Синергия, 2012
Series:Академия бизнеса
Subjects:
Format: Book
KOHA link:https://koha.lib.tpu.ru/cgi-bin/koha/opac-detail.pl?biblionumber=214731

MARC

LEADER 00000nam0a2200000 4500
001 214731
005 20231101225920.0
010 |a 9785425700636 
035 |a (RuTPU)RU\TPU\book\234616 
090 |a 214731 
100 |a 20120427d2012 m y0rusy50 ca 
101 0 |a rus 
102 |a RU 
105 |a a j 001zy 
200 1 |a Современный менеджмент  |e учебник для вузов  |f В. В. Кафидов 
210 |a Москва  |c Синергия  |d 2012 
215 |a 398 с.  |c ил. 
225 1 |a Академия бизнеса 
320 |a Литература: с. 373-377. 
320 |a Словарь терминов и определений: с. 378-398. 
330 |a Целью курса «Современный менеджмент» является формирование понимания важности для современного управления изучения законов, закономерностей и принципов возникновения, функционирования и развития организаций, управления ими при рассмотрении организации как социальной системы. Название «современный» предполагает рассмотрение не только последних достижений управленческой мысли, но и современного ситуационного применения сложившихся концепций управления. Учебник ориентирован на людей, заинтересованных не в заучивании молитв от гуру менеджмента, а стремящихся иметь собственное мнение об окружающей реальности, ее развитии, методах ее изучения и преобразования. Учебник может быть использован слушателями программ дополнительного профессионального образования, студентами вузов, аспирантами и практиками-управленцами, а также всеми, кто стремится к самообразованию. 
606 1 |a Менеджмент  |2 stltpush  |3 (RuTPU)RU\TPU\subj\42098  |9 61850 
610 1 |a управление 
610 1 |a принципы 
610 1 |a законы 
610 1 |a организации 
610 1 |a внутренняя среда 
610 1 |a анализ 
610 1 |a проектирование 
610 1 |a реорганизация 
610 1 |a антикризисное управление 
610 1 |a стратегическое управление 
610 1 |a учебники 
686 |a У9(2)212я72  |v LBC/SL-A  |2 rubbk 
700 1 |a Кафидов  |b В. В.  |g Валерий Викторович 
801 1 |a RU  |b 63413507  |c 20120427 
801 2 |a RU  |b 63413507  |c 20150514  |g RCR 
942 |c BK 
959 |a 66/20120425  |d 2  |e 654,15  |f ЧЗГЛ:1  |f АНЛ:1